Azar : (Record no. 194858)
[ view plain ]
| 000 -LEADER | |
|---|---|
| campo de control de longitud fija | 01288nam a2200349 i 4500 |
| 001 - NÚMERO DE CONTROL | |
| campo de control | 194858 |
| 003 - IDENTIFICADOR DE NÚMERO DE CONTROL | |
| campo de control | SpMaBN |
| 005 - FECHA Y HORA DE LA ÚLTIMA TRANSACCIÓN | |
| campo de control | 20251122063146.0 |
| 007 - CAMPO FIJO DE DESCRIPCIÓN FÍSICA--INFORMACIÓN GENERAL | |
| campo de control de longitud fija | ta |
| 008 - DATOS DE LONGITUD FIJA--INFORMACIÓN GENERAL | |
| campo de control de longitud fija | 240520s1940 sp spa |
| 016 7# - NÚMERO DE CONTROL DE UNA AGENCIA BIBLIOGRÁFICA NACIONAL | |
| Número de control del registro | bimoBNE19996421665 |
| Número de control cancelado/no válido | IND9600771790 |
| Fuente | SpMaBN |
| 035 ## - NÚMERO DE CONTROL DEL SISTEMA | |
| Número de control de sistema | (OCoLC)432963731 |
| 035 ## - NÚMERO DE CONTROL DEL SISTEMA | |
| Número de control de sistema | bimo0001384999 |
| 040 ## - FUENTE DE CATALOGACIÓN | |
| Centro catalogador/agencia de origen | SpMaBN |
| Lengua de catalogación | spa |
| Centro/agencia transcriptor | CDM |
| Centro/agencia modificador | ES-MaACL |
| 100 1# - ENTRADA PRINCIPAL--NOMBRE DE PERSONA | |
| Nombre de persona | Rodríguez Marín, Francisco, |
| Fechas asociadas al nombre | 1855-1943 |
| Número de control del registro de autoridad o número normalizado | XX1018638 |
| 9 (RLIN) | 98634 |
| 245 10 - MENCIÓN DEL TÍTULO | |
| Título | Azar : |
| Resto del título | (fatalidad de amor) / |
| Mención de responsabilidad, etc. | Francisco Rodríguez Marín. |
| 260 ## - PUBLICACIÓN, DISTRIBUCIÓN, ETC. | |
| Lugar de publicación, distribución, etc. | Madrid : |
| Nombre del editor, distribuidor, etc. | Dédalo, |
| Fecha de publicación, distribución, etc. | [1940?] |
| 300 ## - DESCRIPCIÓN FÍSICA | |
| Extensión | 16 p. ; |
| Dimensiones | 32 cm |
| 336 ## - TIPO DE CONTENIDO | |
| Fuente | rdacontent |
| Término de tipo de contenido | texto |
| 337 ## - TIPO DE MEDIO | |
| Fuente | rdamedia |
| Nombre/término del tipo de medio | sin mediación |
| 338 ## - TIPO DE SOPORTE | |
| Fuente | rdacarrier |
| Nombre/término del tipo de soporte | volumen |
| 490 1# - MENCIÓN DE SERIE | |
| Mención de serie | Novelas y cuentos |
| 500 ## - NOTA GENERAL | |
| Nota general | Sin port. |
| 773 ## - ASIENTO DE ITEM FUENTE | |
| Número bibliográfico anfitrión | 194742 |
| Número de ítem anfitrión | 202381 |
| Parte(s) relacionada(s) | G-15981 |
| Encabezamiento principal | Obras encuadernadas juntas |
| 830 ## - PUNTO DE ACCESO ADICIONAL DE SERIE-TÍTULO UNIFORME | |
| 9 (RLIN) | 236505 |
| Título uniforme | Novelas y cuentos (Dédalo) |
| 852 ## - LOCALIZACIÓN | |
| Ubicación | ES-MaACL |
| Ubicación en estantería | Depósito 2 |
| Número de control de estantería | G-15981(19) |
| Donativo/Legado | Legado: Juan Antonio Porto |
| Encuadernación | Encuadernado con otras obras formando un volumen facticio |
| itemnumber | 202381 |
| 903 ## - NOMBRE PERSONAL DE DONANTE | |
| 9 | 93285 |
| a | Porto, Juan Antonio, |
| q | 1 |
| d | 1937-2021 |
| e | Donante |
| 942 ## - ELEMENTOS DE ENTRADA SECUNDARIOS (KOHA) | |
| Suprimir en OPAC | No |
| Tipo de ítem Koha | Folleto |
| 980 ## - EQUIVALENCIA O REFERENCIA-CRUZADA-MENCIÓN DE SERIE--NOMBRE DE PERSONA/TÍTULO [LOCAL, CANADÁ] | |
| Nombre de persona | Rúst. |
| -- | SpMaBN |
| Numeración | BNMADRID |
| Calificador de atribución | VC/1593/35 |
| Títulos y otros términos asociados al nombre | SG_RECOLET |
No items available.
